| 000 | 00666nam a2200193 a 4500 | ||
|---|---|---|---|
| 005 | 20251113063931.0 | ||
| 008 | 030129s1999 mx r 000 0 spa d | ||
| 020 | _a848711878X | ||
| 035 | _aUPN01000121700 | ||
| 049 | _aCG | ||
| 050 | 4 |
_aLB1584.5 E5 _bS5.3 |
|
| 111 | 2 |
_aSimposium de Didáctica de las Ciencias Sociales _n(10o : _d1999 : _cLogroño, España) |
|
| 245 | 1 | 3 |
_aUn currículum de ciencias sociales para el siglo XXI : _bqué contenidos y para qué. |
| 260 |
_aLogroño, Esp. : _bDíada, _c1999. |
||
| 300 | _a313 p. | ||
| 650 | 4 |
_aCiencias Sociales _zEspaña _vCongresos _910428 |
|
| 650 | 4 |
_aCiencias sociales _vPlanes y programas _98402 |
|
| 905 | _aLibro | ||
| 999 |
_c93913 _d93913 |
||